Repík lekársky aj na veľkých plochách

Bibliographic Details
Main Author: Slíž, Kamil (Author)
Format: Article
Language:Slovak
PhysicalDescription:Obr.
Subjects:

MARC

LEADER 00000nab a2200000 a 4500
001 vtls000729734
003 SK-MaSNL
005 20260302200145.0
008 180205c2000 xo 0 slo
015 |a SNBRB2000/08-20913 
035 |a CLN000081867 
040 |a SNKBUCL  |b slo  |c SNKBUCL  |e AACR2 
041 0 |a slo 
044 |a xo  |c SK 
080 |a 633.88  |2 UDC-MRF-SK2 
100 1 |a Slíž, Kamil  |4 aut  |9 11303 
245 1 0 |a Repík lekársky aj na veľkých plochách  |c Kamil Slíž 
300 |b Obr. 
650 0 7 |a repík lekársky  |x pestovanie  |x využitie  |2 snkbucl  |9 854767 
655 7 |a články z novín a časopisov  |2 snkbucl  |9 267496 
773 0 |t Roľnícke noviny  |g Č. 133 (13.7.2000) 
773 0 |t [Príl.] Agrárne noviny  |g S. 3 
850 |a Slovenská národná knižnica v Martine 
852 |a SNK  |b KIS3GCP 
958 |a RBX 
999 |c 1455439  |d 1457369